Yasımı tutacaksın/ (Record no. 13891)

MARC details
000 -BAŞLIK
Sabit Uzunlukta Kontrol Alanı 00697nam a22002297a 4500
999 ## - SİSTEM KONTROL NUMARALARI (KOHA)
Koha Biblionumber 13891
Koha Biblioitemnumber 13891
003 - KONTROL NUMARASI IDENTIFIER
Denetim Alanı MIRAKIL
005 - SON İŞLEM TARİHİ VE ZAMANI
Denetim Alanı 20200814120332.0
008 - SABİT-BOY VERİ ELEMANLARI - GENEL BİLGİLER
Sabit Uzunlukta Kontrol Alanı 200814b tu ||||| |||| 00| 0 tur d
040 ## - KATALOGLAMA KAYNAK
Orijinal Kataloglama Ajansı TR-AnCHP
Metne Dönüştürmek Ajansı TR-AnCHP
041 ## - DİL KODU
Metin / Ses Parça Veya Ayrı Başlığın Dil Kodu tur
082 ## - DEWEY ONLU SINIFLANDIRMA NUMARASI
Sınıflandırma Numarası 843.91
Ürün Numarası L26y 1973
100 ## - ANA GİRİŞ - KİŞİSEL İSİM
Kişisel Ad Lapierre, Dominique
245 10 - BAŞLIK TABLOSU
Başlık Yasımı tutacaksın/
Sorumluluk Tablosu, Vb Dominique Lapierre, Larry Collins ; çeviren Ayda Düz.
250 ## - EDITION TABLOSU
Baskı Beyanı 2 bs.
260 ## - YAYIN, DAĞITIM, VB
Yayın, Dağıtım, Vb Yeri İstanbul:
Yayıncı, Dağıtıcı, Vs Adı Payel yayınevi,
Yayın, Dağıtım, Vb Tarihi 1973.
300 ## - FİZİKSEL TANIM
Kapsam 450 s.:
Boyutlar 20 sm.
490 ## - SERİSİ TABLOSU
Seri Beyanı Payel Yayınları;
-- Anlatı dizisi;
Hacim / Ardışık Tanımı 29.
-- 1.
650 #0 - KONU KATMA GİRİŞ - TOPİKAL DÖNEM
9 (RLIN) 5051
Topikal Süreli Veya Coğrafi Ad Giriş Elemanı Fransız Edebiyatı
Genel Alt Bölümü Roman
700 ## - KATMA GİRİŞ - KİŞİSEL İSİM
9 (RLIN) 6388
Kişisel Ad Düz, Ayda
Relator Terim çev.
700 ## - KATMA GİRİŞ - KİŞİSEL İSİM
9 (RLIN) 6389
Kişisel Ad Collins, Larry
942 ## - EKLENDİ GİRİŞ ELEMANLARI (KOHA)
Sınıflandırma Veya Raf Düzeni Kaynak Dewey Decimal Classification
Koha Öğesi Türü Books
Holdings
Kalıcı Konum Mevcut Konum Edinme Tarihi Toplam Check-Out'Lar Tam Çağrı Numarası Barkod Tarih Son Görülme İtibaren Geçerli Fiyatlar Sigara Kamu Notu Koha Öğesi Türü
CHP Kütüphanesi CHP Kütüphanesi 08/14/2020   843.91 L26y 1973 019352 08/14/2020 08/14/2020 Emine Başak Alkan Bağışıdır. Books